La hechizada

Saved in:
Bibliografiske detaljer
Hovedforfatter: Barbey d'Aurevilly, Jules Amadee (Author)
Format: Bog
Sprog:spansk
Udgivet: Madrid Espasa Calpe 1977
Serier:Colección Austral, 1624
Fag:
Tags: Tilføj Tag
Ingen Tags, Vær først til at tagge denne postø!

MARC

LEADER 00000nam a2200000 a 4500
001 UCV9598
003 CL-VaPUC
008 921204e19770000SP |||||||||||||||||spa|d
082 0 4 |a 843  |b BAR  |2 21 
100 0 |a Barbey d'Aurevilly, Jules Amadee  |e author  |9 303623 
245 1 3 |a La hechizada 
300 |a 231 p 
942 |c BK 
945 |d 19921204 00:00:00 
260 |a Madrid  |b Espasa Calpe  |c 1977 
650 0 |a Novela francesa  |9 264985 
583 |a last modification  |c 20190726 11:57:28  |k Rodrigo Vera 
490 0 |a Colección Austral, 1624 
999 |c 214909  |d 214907 
952 |0 0  |1 0  |4 0  |6 843_000000000000000_BAR_1977  |7 0  |8 P  |9 198737  |a BIBARQ  |b BIBARQ  |d 2019-11-14  |i 2661349  |o 843 BAR 1977  |p 2661349  |r 2025-01-20  |w 2019-11-14  |y BK  |k ARQ